Famous Chelsea Fans - Statistics

General Stats
  • This quiz has been taken 28 times
  • The average score is 14 of 31
Answer Stats
Name % Correct
Actress best known for her role as Hermione Granger in "Harry Potter" Emma Watson
88%
President of the United States from 1993 to 2001 Bill Clinton
81%
Canadian singer, "Summer of '69" "Heaven" "(Everything I Do) I Do It for You" Bryan Adams
81%
Actor and screenwriter, "Shaun of the Dead" "Hot Fuzz" "Mission Impossible" Simon Pegg
73%
Singer, "White Wedding" "Dancing with Myself" "Eyes Without a Face" Billy Idol
69%
German former tennis player and winner of six Grand Slam Boris Becker
69%
Celebrity chef, "Hell's Kitchen" "MasterChef" "Boiling Point" Gordon Ramsay
65%
Television presenter and journalist best known for "Top Gear" and his columns for "The Sun" and "The Sunday Times" Jeremy Clarkson
65%
American actress, "Bridget Jones's Diary" "Chicago" "Judy" Renée Zellweger
62%
Actor in "Jurassic Park" and director of "Gandhi" Richard Attenborough
62%
Director, "Sherlock Holmes" "Snatch" "The Gentlemen" Guy Ritchie
54%
Actor, "Snatch" "Transporter" "Fast & Furious" Jason Statham
54%
Prime Minister of the United Kingdom from 1990 to 1997 John Major
54%
Former track and field athlete and since 2015 President of World Athletics Sebastian Coe
54%
Irish actor, "The Usual Suspects" "Hereditary" "Miller's Crossing" Gabriel Byrne
50%
Danish drummer and co-founder of Metallica Lars Ulrich
46%
American actor, "Anchorman" "Elf" "Barbie" "Stranger than Fiction" Will Ferrell
46%
Actor who won a Academy Award for his roles in "The Cider House Rules" and "Hannah and Her Sisters" and is a frequent collaborator with Christopher Nolan Michael Caine
42%
American actor, "The Royal Tenenbaums" "Midnight in Paris" "Night at the Museum" "Cars" Owen Wilson
35%
Australian actress, "Scooby-Doo" "The Great Gatsby" "Now You See Me" Isla Fisher
31%
Actor, "Shakespeare in Love" "Elizabeth" "The Handmaid's Tale" Joseph Fiennes
31%
American rapper, "Sucker for Pain" "Mirror" "A Milli" Lil Wayne
31%
American actor, "Big Love" "Nebraska" "The Hateful Eight" Bruce Dern
23%
American rapper, "I Know What You Want" "Touch It" "Break Ya Neck" Busta Rhymes
23%
Actor, "Trainspotting" "Elementary" "The Crown" Jonny Lee Miller
23%
American former basketball player who played for the Minnesota Timberwolves and Boston Celtics Kevin Garnett
23%
Actress, "American Sniper" "G.I. Joe: The Rise of Cobra" "21 Bridges" Sienna Miller
23%
Actor, "Love Actually" "Pirates of the Caribbean" "Underworld" Bill Nighy
19%
Actor, "Rebecca" "Wuthering Heights" "Henry V" Laurence Olivier
19%
Model and actress, "Valerian and the City of a Thousand Planets" "Suicide Squad" "Paper Towns" Cara Delevingne
15%
Actor known for his work with Guy Ritchie and Matthew Vaughn Jason Flemyng
8%
No matching quizzes found
Score Distribution
Percent of People with Each Score
Percentile by Number Answered
Your Score History
You have not taken this quiz